000 01091nam0a2200277 4500
001 RU\NLR\bibl\1853428
005 20260406013647.0
021 _aRU
_b2011-98458
_97052
035 _a(NLR Aleph) 001843367
090 _a2302805
_c2302805
100 _a20111227d2011 |||y0rusy50 ca
101 0 _arus
102 _aRU
105 _ay |||||||||
200 1 _aПравила игры в баскетбол в вопросах и ответах: учеб.-метод. рекомендации
205 _a3-е изд., доп. и перераб.
210 _aПенза
_cПГПУ им. В.Г. Белинского
_d2011
215 _d21
700 1 _aНестеровский
_bД. И.
_4070
701 1 _4070
_8rus
_7ca
_aПавлова
_bМ. А.
_cтренер, баскетбол
_f1965-
_gМарина Александровна
_3RU\NLR\AUTH\77119149
_9102074
801 0 _aRU
_bNLR
_c20111227
_gRCR
801 1 _aRU
_bNLR
_c20111227
942 _cBOOK
980 _aNB